<?xml version="1.0" encoding="UTF-8"?><?xml-stylesheet type="text/xsl" href="static/style.xsl"?><OAI-PMH xmlns="http://www.openarchives.org/OAI/2.0/" xmlns:xsi="http://www.w3.org/2001/XMLSchema-instance" xsi:schemaLocation="http://www.openarchives.org/OAI/2.0/ http://www.openarchives.org/OAI/2.0/OAI-PMH.xsd"><responseDate>2026-04-17T06:55:14Z</responseDate><request verb="GetRecord" identifier="oai:www.recercat.cat:2445/226223" metadataPrefix="marc">https://recercat.cat/oai/request</request><GetRecord><record><header><identifier>oai:recercat.cat:2445/226223</identifier><datestamp>2026-04-08T14:28:22Z</datestamp><setSpec>com_2072_1057</setSpec><setSpec>col_2072_478902</setSpec><setSpec>col_2072_478917</setSpec></header><metadata><record xmlns="http://www.loc.gov/MARC21/slim" xmlns:dcterms="http://purl.org/dc/terms/" xmlns:xsi="http://www.w3.org/2001/XMLSchema-instance" xmlns:doc="http://www.lyncode.com/xoai" xsi:schemaLocation="http://www.loc.gov/MARC21/slim http://www.loc.gov/standards/marcxml/schema/MARC21slim.xsd">
   <leader>00925njm 22002777a 4500</leader>
   <datafield ind2=" " ind1=" " tag="042">
      <subfield code="a">dc</subfield>
   </datafield>
   <datafield ind2=" " ind1=" " tag="720">
      <subfield code="a">Gómez García, Francisco José</subfield>
      <subfield code="e">author</subfield>
   </datafield>
   <datafield ind2=" " ind1=" " tag="720">
      <subfield code="a">Ramírez Andreo, Antonio</subfield>
      <subfield code="e">author</subfield>
   </datafield>
   <datafield ind2=" " ind1=" " tag="720">
      <subfield code="a">Manconi, Maria</subfield>
      <subfield code="e">author</subfield>
   </datafield>
   <datafield ind2=" " ind1=" " tag="720">
      <subfield code="a">Manca, Maria Letizia</subfield>
      <subfield code="e">author</subfield>
   </datafield>
   <datafield ind2=" " ind1=" " tag="720">
      <subfield code="a">Matricardi, Pietro</subfield>
      <subfield code="e">author</subfield>
   </datafield>
   <datafield ind2=" " ind1=" " tag="720">
      <subfield code="a">Di Meo, Chiara</subfield>
      <subfield code="e">author</subfield>
   </datafield>
   <datafield ind2=" " ind1=" " tag="720">
      <subfield code="a">Fernàndez Busquets, Xavier</subfield>
      <subfield code="e">author</subfield>
   </datafield>
   <datafield ind2=" " ind1=" " tag="720">
      <subfield code="a">Martínez Díaz, Francisco</subfield>
      <subfield code="e">author</subfield>
   </datafield>
   <datafield ind2=" " ind1=" " tag="720">
      <subfield code="a">Salmerón, Diego</subfield>
      <subfield code="e">author</subfield>
   </datafield>
   <datafield ind2=" " ind1=" " tag="720">
      <subfield code="a">López Jornet, Pía</subfield>
      <subfield code="e">author</subfield>
   </datafield>
   <datafield ind2=" " ind1=" " tag="260">
      <subfield code="c">2026-01-27T12:17:56Z</subfield>
   </datafield>
   <datafield ind2=" " ind1=" " tag="260">
      <subfield code="c">2026-01-27T12:17:56Z</subfield>
   </datafield>
   <datafield ind2=" " ind1=" " tag="260">
      <subfield code="c">2025-05-26</subfield>
   </datafield>
   <datafield ind2=" " ind1=" " tag="260">
      <subfield code="c">2026-01-15T14:33:43Z</subfield>
   </datafield>
   <datafield ind2=" " ind1=" " tag="520">
      <subfield code="a">In this study the wound healing efficacy of new self-assembling curcumin loaded nanohyaluronan-glycerosomes has been tested in healthy and diabetic rats. Curcumin was loaded in nanohyaluronan-liposomes and -glycerosomes, special vesicles obtained mixing curcumin, hyaluronan nanohydrogel and soy lecithin. Curcumin loaded liposomes and glycerosomes were also prepared, characterized and tested as references. The physico-chemical (size and size distribution, surface charge and morphology), and technological (entrapment efficiency, stability over time and skin delivery) characteristics and biological performances (safety, ability to protect in vitro cells from oxidative damage) of prepared formulations were measured. Finally, they were daily applied to skin
wounds of healthy or diabetic rats. The animal skin was excided and analysed at days 3, 7 and 14. The macroscopic observation underlined the higher ability of curcumin loaded nanohyaluronan-glycerosomes to improve wound healing in diabetic rats, already on day 3 up to day 14 (p &lt; 0.05). Histopathological analysis confirmed an accelerated re-epithelization in healthy rats, while increased angiogenesis in diabetic ones. The superior therapeutic efficacy of curcumin loaded nanohyaluronan-glycerosomes compared to other formulations can be related to their enhanced ability to deliver higher curcumin concentrations at the wound site due to a synergistic effect of glycerol, hyaluronan nanohydrogel and lecithin.</subfield>
   </datafield>
   <datafield ind2="0" ind1="0" tag="245">
      <subfield code="a">In vitro and in vivo efficacy evaluation of new self-assembling curcumin loaded nanohyaluronan-glycerosomes on wound restoring in health and diabetic rats</subfield>
   </datafield>
</record></metadata></record></GetRecord></OAI-PMH>